Electronics lab manual / (Record no. 97213)
[ view plain ]
| 000 -LEADER | |
|---|---|
| fixed length control field | 00610nam a22002057a 4500 |
| 005 - DATE AND TIME OF LATEST TRANSACTION | |
| control field | 20151127145927.0 |
| 010 ## - LCCN (DPL NO) | |
| LC control number | ENG-114112 |
| 020 ## - INTERNATIONAL STANDARD BOOK NUMBER | |
| Terms of availability | 395.00 |
| International Standard Book Number | 9788120351424 |
| 035 ## - SYSTEM CONTROL NUMBER | |
| System control number | EN-97644 |
| 037 ## - SOURCE OF ACQUISITION | |
| Source of stock number/acquisition | DBAD/PUB |
| 082 ## - DEWEY DECIMAL CLASSIFICATION NUMBER | |
| Classification number | 621.3815078 |
| 100 ## - MAIN ENTRY--PERSONAL NAME | |
| Personal name | Navas, K. A. |
| 245 ## - TITLE STATEMENT | |
| Title | Electronics lab manual / |
| Statement of responsibility, etc | by K. A. Navas |
| 250 ## - EDITION STATEMENT | |
| Edition statement | 5th ed |
| 260 ## - PUBLICATION, DISTRIBUTION, ETC. (IMPRINT) | |
| Place of publication, distribution, etc | New Delhi |
| Name of publisher, distributor, etc | PHI Learning |
| Date of publication, distribution, etc | 2015 |
| 270 ## - ADDRESS | |
| Address | Rimshim House, 111, Patparganj Industrial Estate |
| City | New Delhi |
| Postal code | 110012 |
| 300 ## - PHYSICAL DESCRIPTION | |
| Extent | V.1(ix,549p.) : |
| Dimensions | 25cm(pbk) |
| Other physical details | ill. |
| 500 ## - GENERAL NOTE | |
| General note | Includes index |
| 942 ## - ADDED ENTRY ELEMENTS (KOHA) | |
| Source of classification or shelving scheme | Dewey Decimal Classification |
| Item type | English Books |
| Call number suffix | NAV |
| Classification part | 621.3815078 |
| Withdrawn status | Lost status | Materials specified (bound volume or other part) | Not for loan | Collection code | Home library | Current library | Date acquired | Source of acquisition | Cost, normal purchase price | Full call number | Barcode | Copy number | Cost, replacement price | Koha item type |
|---|---|---|---|---|---|---|---|---|---|---|---|---|---|---|
| v.1 | Not For Loan | Non-fiction | D.B.Act.Division | D.B.Act.Division | 22/09/2015 | DBAD/PUB | 395.00 | 621.3815078 NAV | EN-97644 | 1 | 395.00 | English Books |
